Sports Quiz

Random Sports or Auto Racing Quiz

Anyone but Riccardo Patrese Quiz Stats

Quiz not verified by Sporcle

Challenge
Share
Tweet
Embed
Score 0/51 Timer 08:00
0 Plays Today
% Correct
Michael Schumacher
94.5%
Rubens Barrichello (Michael Schumacher; Scuderia Fеrrаri)
93.2%
Rubens Barrichello
92.9%
Alain Prost (Ayrton Senna; McLaren-Honda)
89.8%
Ralf Schumacher
89.6%
Ayrton Senna (Alain Prost; McLaren-Honda)
87.8%
Jenson Button
87.2%
Fernando Alonso
85.5%
Lewis Hamilton (Nico Rosberg; Mercedes GР)
85.3%
Damon Hill
85.2%
Nelson Piquet
85%
Nelson Piquet
84.9%
Nico Rosberg (Lewis Hamilton; Mercedes GР)
84.7%
Alberto Ascari
82.6%
Jack Brabham
79.2%
Nigel Mansell (Nelson Piquet; Williams-Honda)
76.4%
Nino Farina
75.4%
Jacques Villeneuve (Damon Hill; Williams-Renault)
75.3%
Giancarlo Fisichella
72%
Michele Alboreto
71.9%
Juan Pablo Montoya
70.7%
Jarno Trulli
70.5%
Kimi Räikkönen
70.1%
Niki Lauda
69.9%
Felipe Massa
69.4%
Robert Kubica
67.2%
% Correct
Gerhard Berger
63.7%
Heinz-Harald Frentzen (Jacques Villeneuve; Williams-Renault)
62.4%
Denny Hulme
59.8%
Alan Jones
53.3%
Carlos Reutemann
49.6%
Elio de Angelis
41.1%
Elio de Angelis
41.1%
Tom Pryce
41%
Eddie Cheever
37.2%
Thierry Boutsen
36.7%
Alessandro Zanardi
36.1%
Jacky Ickx
36.1%
Clay Regazzoni
35.3%
José Carlos Pace
34%
Dan Gurney
33.2%
Gianni Morbidelli
30.6%
Jean-Pierre Jarier
27%
Renzo Zorzi
21.8%
Renzo Zorzi
21.8%
Hans-Joachim Stuck
19.5%
Jackie Oliver
18.7%
Arturo Merzario
17.9%
George Follmer
17.4%
Lella Lombardi
9.3%
Nanni Galli
8.8%

You're not logged in!

Compare scores with friends on all Sporcle quizzes.
Sign Up with Email
OR
Log In

You Might Also Like...

Show Comments

Extras

Top Quizzes Today


Score Distribution

Your Account Isn't Verified!

In order to create a playlist on Sporcle, you need to verify the email address you used during registration. Go to your Sporcle Settings to finish the process.